Normal view
MARC view
Entry Personal Name
001 - CONTROL NUMBER
- control field: 11019
003 - CONTROL NUMBER IDENTIFIER
- control field: ARRUPE
005 - DATE AND TIME OF LATEST TRANSACTION
- control field: 20140827114452.0
008 - FIXED-LENGTH DATA ELEMENTS
- fixed length control field: 140827|| aca||aabn | a|a d
040 ## - CATALOGING SOURCE
- Original cataloging agency: ARRUPE
- Transcribing agency: ARRUPE
100 ## - HEADING--PERSONAL NAME
- Personal name: Kant, Immanuel
- Dates associated with a name: 1724-1804
- General subdivision: Political and social views
670 ## - SOURCE DATA FOUND
- Source citation: Work cat.: (ARRUPE): Kleingeld, Pauline 11018, Kant and Cosmopolitanism:, 2011